000 00304 a2200133 4500
001 89210
082 _a813.54 STE
090 _c42161
_d42161
100 _aSteel, Danielle
245 _aHappy birthday
260 _aLondon
_bBantam Press
_c2011
300 _a339 p.
740 _aenglish novel;fiction
942 _aCAE NUST
_k813.54 STE
999 _c324283
_d324283